| 000 | 00808cam a2200289 i 4500 | ||
|---|---|---|---|
| 999 |
_c200444216 _d62428 |
||
| 001 | 200444216 | ||
| 003 | TR-AnTOB | ||
| 005 | 20220215001225.0 | ||
| 007 | ta | ||
| 008 | 2004 tur | ||
| 020 | _a9768622455 | ||
| 040 |
_aTR-AnTOB _beng _erda _cTR-AnTOB |
||
| 041 | 0 | _atur | |
| 050 | 1 | 4 |
_aPL234 _b.G375 2004 |
| 090 |
_aPL234 _b.G375 2004 |
||
| 100 | 1 |
_aGarip, Recep, _d1956- _eauthor _9133113 |
|
| 245 | 1 | 0 |
_aBir Leyla düşü / _cRecep Garip. |
| 250 | _a1. baskı Nisan 2004 | ||
| 264 | 1 |
_aİstanbul : _bVuslat Kitapları, _c2000. |
|
| 300 |
_a181 pages ; _c20 cm |
||
| 336 |
_2rdacontent _atext _btxt |
||
| 337 |
_2rdamedia _aunmediated _bn |
||
| 338 |
_2rdacarrier _avolume _bnc |
||
| 650 | 7 |
_aTürk şiiri _2etuturkob _984273 |
|
| 942 |
_2lcc _cBK |
||